| 000 | 01453nam0a2200325 i 4500 | ||
|---|---|---|---|
| 001 | RU\NLR\BIBL_A\010786071 | ||
| 005 | 20240921110555.0 | ||
| 010 |
_a9785938090644 _9150 |
||
| 021 |
_aRU _b2015-36628 _92171 |
||
| 035 | _a(NILC)RuMoRGB-007934701 | ||
| 035 | _a(NLR Aleph) 010786071 | ||
| 090 |
_a10092033 _c10092033 |
||
| 100 | _a20150622d2015 u y0rusy50 ca | ||
| 101 | 0 | _arus | |
| 102 | _aRU | ||
| 105 | _aac z 000zy | ||
| 200 | 1 |
_aСкорбь травы _eстихи, рассказы, сказки _e(1969-1995) _fА. Кумжулу _g[худож. С. Дыков] |
|
| 210 |
_aГорно-Алтайск _c[б. и.] _d2015 |
||
| 215 |
_a224 с. _cил., портр. _d20 |
||
| 300 | _aПеред вып. дан. авт.: Августа Александровна Кумжулу (Августа Александровна Кокышева) | ||
| 327 | 1 | _aСодерж.: рассказы: Никандрыч; Гость; Старуха; Форсистые сапоги; Пупсик; сказки: Караты-каан и старуха; Сартакпай; Комар; Стихи | |
| 686 | 2 | _aШ6(2=Алт)7я44 | |
| 700 | 1 |
_aКумжулу _bА. А. _gАвгуста Александровна _9147180 _3RU\NLR\AUTH\770147216 |
|
| 702 | 1 |
_aДыков _bС. _4440 |
|
| 801 | 0 |
_aRU _bРГБ _c20150519 _gRCR |
|
| 942 | _cBOOK | ||
| 980 | _aNBR | ||